000 00480nam a22001697a 4500
999 _c41013
_d41013
003 OSt
005 20210225120215.0
008 210225b ||||| |||| 00| 0 eng d
020 _a9789385929212
040 _coclc
082 _a658.007
_bARI/S
100 _98485
_aArihant
245 _aSolved Papers And Practice Sets :
_bAFCAT /
_cArihant
260 _aNew Delhi:
_bArihant,
_c2015.
300 _a98p
942 _2ddc
_cBK
_h658.007
_iARI/S
_k658.007
_mARI/S